Online
Catalog

Las bibliotecas públicas en España : (Record no. 15360)

MARC details
000 -CABECERA
campo de control de longitud fija 01278cam a2200313 a 4500
001 - NÚMERO DE CONTROL
campo de control 000015815
005 - FECHA Y HORA DE LA ÚLTIMA TRANSACCIÓN
campo de control 20200929164149.0
008 - DATOS DE LONGITUD FIJA--INFORMACIÓN GENERAL
campo de control de longitud fija 020124s2001 sp a b f000 0 spa
020 ## - NÚMERO INTERNACIONAL ESTÁNDAR DEL LIBRO
Número Internacional Estándar del Libro 8489384339
040 ## - FUENTE DE LA CATALOGACIÓN
Centro catalogador/agencia de origen DO-SdBNP
Lengua de catalogación spa
-- BNPHU
082 ## - NÚMERO DE LA CLASIFICACIÓN DECIMAL DEWEY
Número de clasificación 027.4
Número de documento/Ítem B582p
245 04 - MENCIÓN DE TÍTULO
Título Las bibliotecas públicas en España :
Resto del título una realidad abierta /
Mención de responsabilidad, etc. Hilario Hernández, dirección técnica ; Fernando Armario ... [et al.].
260 ## - PUBLICACIÓN, DISTRIBUCIÓN, ETC.
Lugar de publicación, distribución, etc. Madrid :
Nombre del editor, distribuidor, etc. Fundación Germán Sánchez Ruipérez ;
-- Dirección General del Libro, Archivos y Bibliotecas ;
-- Plan de Fomento a la Lectura,
Fecha de publicación, distribución, etc. 2001.
300 ## - DESCRIPCIÓN FÍSICA
Extensión 319 p. :
Otras características físicas il., gráf. ;
Dimensiones 23 cm.
500 ## - NOTA GENERAL
Nota general Incluye anexos.
650 #4 - PUNTO DE ACCESO ADICIONAL DE MATERIA--TÉRMINO DE MATERIA
Término de materia o nombre geográfico como elemento de entrada Bibliotecas públicas
Subdivisión geográfica España
9 (RLIN) 35591
700 12 - PUNTO DE ACCESO ADICIONAL--NOMBRE DE PERSONA
Nombre de persona Hernández, Hilario.
9 (RLIN) 5736
700 12 - PUNTO DE ACCESO ADICIONAL--NOMBRE DE PERSONA
Nombre de persona Armario, Fernando.
9 (RLIN) 35592
700 12 - PUNTO DE ACCESO ADICIONAL--NOMBRE DE PERSONA
Nombre de persona Carrión Gútiez, Alejandro.
9 (RLIN) 35593
700 12 - PUNTO DE ACCESO ADICIONAL--NOMBRE DE PERSONA
Nombre de persona Domínguez Sanjurjo, M. Ramona.
9 (RLIN) 35594
700 12 - PUNTO DE ACCESO ADICIONAL--NOMBRE DE PERSONA
Nombre de persona Gómez Hernández, José Antonio.
9 (RLIN) 35595
700 12 - PUNTO DE ACCESO ADICIONAL--NOMBRE DE PERSONA
Nombre de persona Mañá Terré, Teresa.
9 (RLIN) 35596
700 12 - PUNTO DE ACCESO ADICIONAL--NOMBRE DE PERSONA
Nombre de persona Mayol Fernádez, Carmen.
9 (RLIN) 35597
700 12 - PUNTO DE ACCESO ADICIONAL--NOMBRE DE PERSONA
Nombre de persona Merlo Vega, José Antonio.
9 (RLIN) 35598
700 12 - PUNTO DE ACCESO ADICIONAL--NOMBRE DE PERSONA
Nombre de persona Nogales Herrera, José María.
9 (RLIN) 35599
700 12 - PUNTO DE ACCESO ADICIONAL--NOMBRE DE PERSONA
Nombre de persona Salaberría, Ramón.
9 (RLIN) 35600
700 12 - PUNTO DE ACCESO ADICIONAL--NOMBRE DE PERSONA
Nombre de persona Soarín Pérez, Tomás.
9 (RLIN) 35601
700 12 - PUNTO DE ACCESO ADICIONAL--NOMBRE DE PERSONA
Nombre de persona Selgas, Joaquín.
9 (RLIN) 35602
Holdings
Estado de retiro Estado de pérdida Restricciones de uso No para préstamo Código de colección Localización permanente Ubicación/localización actual Ubicación en estantería Fecha de adquisición Número de inventario Total de préstamos Signatura topográfica completa Código de barras Fecha visto por última vez Precio válido a partir de Tipo de ítem Koha
      Excluido de préstamo Monografías: Libros y Folletos General General Depósito 18.02.2010 LF1   027.4 B582p 15815-10 25.06.2020 25.06.2020 No se presta

Powered by Koha